Detalles MARC
| 000 -CABECERA |
| Longitud fija campo de control |
01471nas a2200385 c 4500 |
| 001 - NÚMERO DE CONTROL |
| Número de control |
25991 |
| 003 - IDENTIFICADOR DE NÚMERO DE CONTROL |
| Identificador del número de control |
ES-MaCES |
| 005 - FECHA Y HORA DE LA ÚLTIMA TRANSACCIÓN |
| Fecha y hora de la última transacción |
20250409105244.0 |
| 008 - CAMPO FIJO DE DESCRIPCIÓN FIJA--INFORMACIÓN GENERAL |
| Códigos de información de longitud fija |
050630c2003 sp qr p g | b0spa d |
| 017 ## - NÚMERO DE REGISTRO DE DERECHOS DE AUTOR Y DEPÓSITO LEGAL |
| Número de copyright o de depósito legal |
M 26378-1971 |
| Agencia que asigna el número |
DL |
| 022 1# - ISSN (INTERNATIONAL STANDARD SERIAL NUMBER) |
| Número Internacional Normalizado para Publicaciones Seriadas |
1139-9023 |
| 035 ## - NÚMERO DE CONTROL DEL SISTEMA |
| Número de control del sistema |
CES20050000077p |
| 040 ## - FUENTE DE CATALOGACIÓN |
| Centro catalogador de origen |
ES-MaCES |
| Lengua de catalogación |
spa |
| Centro transcriptor |
ES-MaCES |
| 245 00 - MENCIÓN DE TÍTULO |
| Título |
Dirigir personas |
| Mención de responsabilidad, etc. |
revista de la Asociación Española de Dirección de Personal |
| 260 ## - PUBLICACIÓN, DISTRIBUCIÓN, ETC (PIE DE IMPRENTA) |
| Lugar de publicación, distribución, etc. |
Madrid (Moreto, 10, 28014) |
| Nombre del editor, distribuidor, etc. |
AEDIPE |
| Fecha de publicación, distribución, etc. |
2003- |
| 300 ## - DESCRIPCIÓN FÍSICA |
| Extensión |
v. |
| Dimensiones |
30 cm |
| 310 ## - PERIODICIDAD ACTUAL DE LA PUBLICACIÓN |
| Periodicidad actual |
Trimestral |
| 362 0# - DATOS DE LA PUBLICACIÓN Y/O DESIGNACIÓN SECUENCIAL |
| Fecha de publicación y;o designación secuencial |
4ª época, n. 26 (sept. 2003)- |
| 500 ## - NOTA GENERAL |
| Nota general |
Publ. un n. extraordinario el último trim. del año |
| 541 ## - NOTA DE LA FUENTE INMEDIANTE DE ADQUISICIÓN |
| Forma de adquisición |
Gratuito |
| 650 #4 - ASIENTO SECUNDARIO DE MATERIA--TÉRMINO DE MATERIA |
| Término de materia o nombre geográfico como elemento inicial |
director de personal |
| 9 (RLIN) |
30059 |
| 650 #4 - ASIENTO SECUNDARIO DE MATERIA--TÉRMINO DE MATERIA |
| Término de materia o nombre geográfico como elemento inicial |
organización de la empresa |
| 9 (RLIN) |
28193 |
| 650 #4 - ASIENTO SECUNDARIO DE MATERIA--TÉRMINO DE MATERIA |
| Término de materia o nombre geográfico como elemento inicial |
administración de personal |
| 9 (RLIN) |
28216 |
| 650 #4 - ASIENTO SECUNDARIO DE MATERIA--TÉRMINO DE MATERIA |
| Término de materia o nombre geográfico como elemento inicial |
administración de recursos humanos |
| 9 (RLIN) |
30474 |
| 653 10 - TÉRMINO DE INDEXACIÓN--NO CONTROLADO |
| Término no controlado |
Organizaciones |
| 710 2# - ENCABEZAMIENTO SECUNDARIO--NOMBRE CORPORATIVO |
| Nombre de entidad o nombre de jurisdicción como elemento inicial |
Asociación Española de Dirección de Personal |
| 9 (RLIN) |
1449 |
| 780 00 - ENTRADA ANTERIOR |
| Título |
AEDIPE |
| Número de control del registro relacionado |
(ES-MaCES)25810 |
| 853 21 - LEYENDAS Y PATRÓN--UNIDAD BIBLIOGRÁFICA BÁSICA |
| Primer nivel de enumeración |
II ép. |
| Segundo nivel de enumeración |
n. |
| Primer nivel de cronología |
año |
| Segundo nivel de cronología |
mes |
| Continuidad en la numeración |
c |
| Frecuencia |
q |
| 856 ## - ACCESO ELECTRÓNICO |
| Identificador Uniforme del Recurso (URI) |
https://www.aedipe.es/index.php/revista.html |
| Texto del enlace |
texto completo desde n. 17 (2013) |
| Nota pública |
Acceso para usuarios registrados |
| 866 #0 - FUENTES TEXTUALES--UNIDAD BIBLIOGRÁFICA BÁSICA |
| Holdings textuales |
2003-2007(2008)2009-2010(2011)2012-2017(2018-2019)2020(2021) |
| Nota pública |
Ubicación: DEPÓSITO - 55/1038 |
| -- |
Ubicación: SALA - REV.-ORG.-2 |
| 905 ## - CES. DATOS REVISTA |
| Boletín de sumarios (Sirtex 591$a) |
Boletín A |
| Kardex |
SÍ |
| Abreviatura boletín |
DirPer |
| Proceso |
A |
| 942 ## - ELEMENTOS KOHA |
| Fuente de clasificaión o esquema |
Clasificación propia del CES |
| Koha [por defecto] tipo de item |
Periódicas |
| Parte de clasificación |
Administración e Instituciones Públicas |